| 000 | 00650nam a22002177a 4500 | ||
|---|---|---|---|
| 005 | 20170124110009.0 | ||
| 010 | _a562665 | ||
| 020 | _c00.00 | ||
| 035 | _a562665 | ||
| 037 | _bCen Lib/Ret | ||
| 040 |
_aDPL _bEN |
||
| 082 |
_a370 _bJES |
||
| 245 |
_aLifelong learning : _cedited by F. W. Jessup _ba symposium on continuing education / |
||
| 260 |
_aNew York _bPergamon Press _c1969 |
||
| 270 |
_bOxford _aHeadingto Hill Hall |
||
| 300 |
_aix,170p. _c18cm(Hb) |
||
| 650 |
_aContinuing education -- Congresses _917360 |
||
| 650 |
_aContinuing education _917361 |
||
| 700 |
_aJessup, F. W. _917362 |
||
| 942 |
_2ddc _cEN _h370 _mJES |
||
| 999 |
_c126371 _d126371 |
||